Revitalizácia stravovacieho zariadenia bakalárska práca

Enregistré dans:
Détails bibliographiques
Auteur principal: Cziborová, Barbora
Collectivité auteur: Obchodná fakulta EU. Katedra služieb a cestovného ruchu - zrušené
Autres auteurs: Staňo, Roman
Format: Livre
Langue:slovaque
Publié: Bratislava 2020
Tags: Ajouter un tag
Pas de tags, Soyez le premier à ajouter un tag!

MARC

LEADER 00000nbm a2200000 4500
001 0266464
005 20201007095116.5
041 0 |a slo 
044 |a SK 
245 1 0 |a Revitalizácia stravovacieho zariadenia  |b bakalárska práca  |c Barbora Cziborová ; školiteľ: Roman Staňo 
264 1 |a Bratislava  |c 2020 
300 |a 44 s. 
100 1 |a Cziborová, Barbora 
700 1 |a Staňo, Roman 
710 2 |a Obchodná fakulta EU. Katedra služieb a cestovného ruchu - zrušené